[Event "FRA-chT2"]
[Site "France"]
[Date "2002.03.??"]
[Round "10"]
[White "Kountz, Jochen"]
[Black "Muller, Michael"]
[Result "1-0"]
[WhiteElo "2359"]
[BlackElo "2050"]
[PlyCount "101"]
[EventDate "2002.??.??"]
[EventType "team-tourn"]
[EventRounds "11"]
[EventCountry "FRA"]
[SourceTitle "EXT 2003"]
[Source "ChessBase"]
[SourceDate "2002.11.25"]
[SourceVersion "1"]
[SourceVersionDate "2002.11.25"]
[SourceQuality "1"]

1. e4 c5 2. Nf3 d6 3. d4 cxd4 4. Nxd4 Nf6 5. Nc3 g6 6. Be2 Bg7 7. 0-0 0-0 8. Re1 Nc6 9. Nb3 Be6 10. Bg5 Rc8 11. Bf1 Ne5 12. Nd5 Bxd5 13. exd5 Nc4 14. Bxc4 Rxc4 15. c3 h6 16. Qd3 b5 17. Be3 a6 18. Nd2 Rh4 19. Bd4 Rh5 20. Bxf6 Bxf6 21. Ne4 Be5 22. Ng3 Rh4 23. Re4 Rxe4 24. Nxe4 Qa5 25. a3 Qb6 26. Re1 a5 27. Qd2 Kh8 28. Kh1 f5 29. Ng3 Rb8 30. f4 Bf6 31. Ne2 b4 32. axb4 axb4 33. Nd4 bxc3 34. bxc3 Bxd4 35. cxd4 Rb7 36. Qc3 Kg7 37. h3 Qb5 38. Qc6 Kf7 39. Qc8 Kg7 40. Ra1 Rb8 41. Qe6 Qb7 42. Kh2 Rc8 43. Re1 Rc7 44. Re3 Qb5 45. Rg3 Qe8 46. Qxf5 Qf7 47. Qe4 Rb7 48. h4 Rb5 49. f5 Rxd5 50. Rxg6+ Kh7 51. Re6 1-0

[Event "FRA-chT U18"]
[Site "France"]
[Date "1996.??.??"]
[Round "9"]
[White "Abello, Sebastien"]
[Black "Muller, Michael"]
[Result "1/2-1/2"]
[WhiteElo "2090"]
[BlackElo "1850"]
[PlyCount "65"]
[EventDate "1996.??.??"]
[EventType "team-tourn"]
[EventRounds "11"]
[EventCountry "FRA"]
[SourceTitle "EXT 2001"]
[Source "ChessBase"]
[SourceDate "2000.11.22"]
[SourceVersion "1"]
[SourceVersionDate "2000.11.22"]
[SourceQuality "1"]

1. e4 c5 2. Nf3 d6 3. d4 cxd4 4. Qxd4 Nc6 5. Bb5 Bd7 6. Bxc6 Bxc6 7. Nc3 Nf6 8. Bg5 Qb6 9. Bxf6 gxf6 10. Nd5 Bxd5 11. exd5 Qxd4 12. Nxd4 Rc8 13. b3 Rg8 14. 0-0 Rc3 15. Rac1 Bh6 16. f4 Kd7 17. Ne2 Rcc8 18. c4 e5 19. dxe6+ fxe6 20. Rcd1 f5 21. g3 Bg7 22. Rf3 Rgd8 23. Kf2 Bf6 24. Nd4 Bxd4+ 25. Rxd4 b6 26. Rd2 Ke7 27. Rfd3 Rd7 28. Kf3 Rcd8 29. Ke3 h5 30. a4 a5 31. Rd1 Rc8 32. R1d2 Rcd8 33. Rd1 1/2-1/2

[Event "Ustrzyki Dolne op"]
[Site "Ustrzyki Dolne"]
[Date "1996.??.??"]
[Round "1"]
[White "Bablok, Maciej"]
[Black "Muller, Michael"]
[Result "1-0"]
[WhiteElo "2075"]
[BlackElo "2360"]
[PlyCount "43"]
[EventDate "1996.??.??"]
[EventType "swiss"]
[EventRounds "9"]
[EventCountry "POL"]
[SourceTitle "EXT 2006"]
[Source "ChessBase"]
[SourceDate "2005.11.24"]
[SourceVersion "1"]
[SourceVersionDate "2005.11.24"]
[SourceQuality "1"]

1. d4 e6 2. c4 d5 3. Nc3 Nf6 4. cxd5 Nxd5 5. Nf3 Nxc3 6. bxc3 Bd6 7. Bg5 f6 8. Bh4 0-0 9. e4 Be7 10. Bc4 Nc6 11. Bd3 b6 12. Qe2 Kh8 13. Rd1 g5 14. Bg3 f5 15. Be5+ Bf6 16. exf5 exf5 17. Nxg5 Bxe5 18. Qxe5+ Kg8 19. Qg3 Qf6 20. Ne6+ Qg6 21. Nxf8 Kxf8 22. Qxc7 1-0

[Event "FRA-chT U18"]
[Site "France"]
[Date "1996.??.??"]
[Round "1"]
[White "Muller, Michael"]
[Black "Wolrich, Charles"]
[Result "0-1"]
[WhiteElo "1890"]
[BlackElo "2090"]
[PlyCount "73"]
[EventDate "1996.??.??"]
[EventType "team-tourn"]
[EventRounds "11"]
[EventCountry "FRA"]
[SourceTitle "EXT 2001"]
[Source "ChessBase"]
[SourceDate "2000.11.22"]
[SourceVersion "1"]
[SourceVersionDate "2000.11.22"]
[SourceQuality "1"]

1. e4 e6 2. d4 d5 3. exd5 exd5 4. c4 Nf6 5. Nc3 Be7 6. Bd3 0-0 7. Nge2 c6 8. 0-0 Bg4 9. Qb3 Qb6 10. Qxb6 axb6 11. cxd5 Nxd5 12. Nxd5 cxd5 13. Be3 Nc6 14. a3 Bf6 15. f3 Rfe8 16. Bf2 Bf5 17. Bb5 Re7 18. Rfd1 h6 19. Nc3 Rd8 20. Na4 Na7 21. Bf1 Bc2 22. Nxb6 Bxd1 23. Rxd1 Nc6 24. Bb5 Re6 25. Na4 b6 26. Nc3 Kf8 27. Ba4 Na5 28. b3 Bg5 29. Kf1 Be3 30. Bg3 Re7 31. Nb5 Kg8 32. Bc7 Rc8 33. Bxb6 Rc2 34. Bc5 Re6 35. Nc7 Rg6 36. Nxd5 Rgxg2 37. Nxe3 0-1

[Event "FRA-chT U18"]
[Site "France"]
[Date "1996.??.??"]
[Round "4"]
[White "Sorin, Maxime"]
[Black "Muller, Michael"]
[Result "1-0"]
[WhiteElo "1970"]
[BlackElo "2055"]
[PlyCount "49"]
[EventDate "1996.??.??"]
[EventType "team-tourn"]
[EventRounds "11"]
[EventCountry "FRA"]
[SourceTitle "EXT 2001"]
[Source "ChessBase"]
[SourceDate "2000.11.22"]
[SourceVersion "1"]
[SourceVersionDate "2000.11.22"]
[SourceQuality "1"]

1. e4 c5 2. Nf3 d6 3. d4 cxd4 4. Nxd4 Nf6 5. Nc3 g6 6. Be3 Bg7 7. f3 0-0 8. Qd2 Nc6 9. Bc4 Qa5 10. 0-0-0 Bd7 11. g4 Rfc8 12. Bb3 Ne5 13. h4 Nc4 14. Bxc4 Rxc4 15. Nb3 Qd8 16. h5 Rxc3 17. bxc3 Rc8 18. hxg6 hxg6 19. e5 Nxg4 20. fxg4 Bxg4 21. Qh2 Bh5 22. Bd4 Bxd1 23. Qh7+ Kf8 24. e6 f6 25. Rxd1 1-0

[Event "Ustrzyki Dolne op"]
[Site "Ustrzyki Dolne"]
[Date "1996.??.??"]
[Round "8"]
[White "Tyda, Krzysztof"]
[Black "Muller, Michael"]
[Result "1-0"]
[WhiteElo "2080"]
[BlackElo "2360"]
[PlyCount "75"]
[EventDate "1996.??.??"]
[EventType "swiss"]
[EventRounds "9"]
[EventCountry "POL"]
[SourceTitle "EXT 2006"]
[Source "ChessBase"]
[SourceDate "2005.11.24"]
[SourceVersion "1"]
[SourceVersionDate "2005.11.24"]
[SourceQuality "1"]

1. d4 g6 2. c4 Bg7 3. Nc3 Nf6 4. e4 0-0 5. Be2 e6 6. Nf3 d5 7. e5 Ne4 8. 0-0 Nxc3 9. bxc3 c6 10. a4 Nd7 11. Ba3 Re8 12. Bd6 Bf8 13. c5 Bxd6 14. cxd6 b6 15. Qd2 Kg7 16. Rfb1 a5 17. Rb2 Ba6 18. Bxa6 Rxa6 19. Rab1 Qb8 20. Qd3 Qb7 21. Qe3 Rb8 22. h4 b5 23. Qg5 b4 24. Qe7 Nb6 25. Qf6+ Kg8 26. h5 Nd7 27. Qe7 Nb6 28. Qf6 Nd7 29. Qg5 Rb6 30. h6 Qc8 31. Qe7 bxc3 32. Rxb6 Rxb6 33. Rxb6 Nxb6 34. Ne1 Nd7 35. Nd3 Qb7 36. Qd8+ Nf8 37. Qf6 Qb1+ 38. Kh2 1-0

[Event "FRA-chT U18"]
[Site "France"]
[Date "1996.??.??"]
[Round "4"]
[White "Vallin, Guillaume"]
[Black "Muller, Michael"]
[Result "1/2-1/2"]
[WhiteElo "1930"]
[BlackElo "1810"]
[PlyCount "48"]
[EventDate "1996.??.??"]
[EventType "team-tourn"]
[EventRounds "11"]
[EventCountry "FRA"]
[SourceTitle "EXT 2001"]
[Source "ChessBase"]
[SourceDate "2000.11.22"]
[SourceVersion "1"]
[SourceVersionDate "2000.11.22"]
[SourceQuality "1"]

1. e4 c5 2. Nf3 d6 3. d4 cxd4 4. Nxd4 Nf6 5. Nc3 g6 6. Be3 Bg7 7. f3 0-0 8. Bc4 Nc6 9. Qd2 Qa5 10. 0-0-0 Bd7 11. h4 Rfc8 12. Bb3 Ne5 13. h5 Nxh5 14. g4 Nf6 15. Bh6 Bxh6 16. Qxh6 Rxc3 17. g5 Nh5 18. Rxh5 gxh5 19. Rh1 Rxb3 20. Nxb3 Qxa2 21. Rxh5 Ng6 22. Qxh7+ Kf8 23. Qh6+ Kg8 24. Qh7+ Kf8 1/2-1/2